Logo BPK

Biblioteka

Politechniki Koszalińskiej

Zagadnienia teoretyczne i aplikacyjne w implantach / (Rekord nr 41078)

Szczegóły MARC
000 -ETYKIETA REKORDU
podpole kontrolne o stałej długości 01758nam a2200541 i 4500
001 - NUMER KONTROLNY REKORDU
pole kontrolne 41078
003 - IDENTYFIKATOR NUMERU KONTROLNEGO REKORDU
podpole kontrolne KOSZ 005
005 - DATA OSTATNIEJ MODYFIKACJI REKORDU
podpole kontrolne 20221107120120.0
008 - POLE O STAŁEJ DŁUGOŚCI - DANE KONTROLNE
podpole kontrolne o stałej długości 020520s2002 pl a |000 0 pol
015 ## - NUMER BIBLIOGRAFII NARODOWEJ
Numer bibliografii narodowej UWD 2002/10090
020 ## - MIĘDZYNARODOWY ZNORMALIZOWANY NUMER KSIĄŻKI - ISBN
ISBN 8373350667
035 ## - NUMER SYSTEMOWY
Numer systemowy przejętego rekordu 991018238419705066
035 ## - NUMER SYSTEMOWY
Numer systemowy przejętego rekordu (PL-WaBN)b14943815-48omnis_nlop
035 ## - NUMER SYSTEMOWY
Numer systemowy przejętego rekordu b14943815
035 ## - NUMER SYSTEMOWY
Numer systemowy przejętego rekordu (OCoLC)749306273
035 ## - NUMER SYSTEMOWY
Numer systemowy przejętego rekordu zz2002920518
035 ## - NUMER SYSTEMOWY
Numer systemowy przejętego rekordu (PL)b0000001494381
035 ## - NUMER SYSTEMOWY
Numer systemowy przejętego rekordu (EXLNZ-48OMNIS_NETWORK)9910325468205606
040 ## - ŹRÓDŁO KATALOGOWANIA
Instytucja, która sporządziła opis WA N
Instytucja, która utworzyła rekord WA N
Instytucja, która dokonała modyfikacji KOSZ 005/HR
046 ## - DATY KODOWANE
Pojedyncza data lub początek okresu powstania dzieła lub zbioru dzieł 2002
080 ## - UNIWERSALNA KLASYFIKACJA DZIESIĘTNA - UKD
UKD 615.47
080 ## - UNIWERSALNA KLASYFIKACJA DZIESIĘTNA - UKD
UKD 612.017
080 ## - UNIWERSALNA KLASYFIKACJA DZIESIĘTNA - UKD
UKD 616
080 ## - UNIWERSALNA KLASYFIKACJA DZIESIĘTNA - UKD
UKD 57.08
080 ## - UNIWERSALNA KLASYFIKACJA DZIESIĘTNA - UKD
UKD (075.8)
100 1# - NAZWA OSOBOWA
Nazwa osobowa Łaskawiec, Jan
Określenie rodzaju współpracy Autor
245 10 - TYTUŁ/ODPOWIEDZIALNOŚĆ
Tytuł Zagadnienia teoretyczne i aplikacyjne w implantach /
Pozostałe elementy strefy tytułu i oznaczenia odpowiedzialności Jan Łaskawiec, Rafał Michalik.
260 ## - STREFA ADRESU WYDAWNICZEGO
Miejsce wydania Gliwice :
Nazwa wydawcy/dystrybutora Wydawnictwo Politechniki Śląskiej,
Data publikacji, dystrybucji/powstania dokumentu 2002.
300 ## - STREFA OPISU FIZYCZNEGO
Objętość 170, [1] s. :
Inne cechy fizyczne il. ;
Rozmiary 24 cm.
336 ## - TYP ZAWARTOŚCI
Termin opisujący typ zawartości Tekst
Kod określający zawartość txt
Źródło (terminu i kodu) rdacontent
337 ## - TYP MEDIÓW
Tryb odtwarzania Bez urządzenia pośredniczącego
Kod typu mediów n
Źródło (terminu i kodu) rdamedia
338 ## - TYP/RODZAJ NOŚNIKA
Hasło opisujące typ nośnika Wolumin
Kod typu nośnika nc
Źródło (terminu i kodu) rdacarrier
380 ## - FORMA I TYP PUBLIKACJI
Forma i typ publikacji Książki
388 ## - CZAS POWSTANIA
Czas powstania 2001-
504 ## - UWAGA DOTYCZĄCA BIBLIOGRAFII
Informacje o bibliografii Bibliogr.
650 #7 - HASŁO PRZEDMIOTOWE W FORMIE NAZWY OGÓLNEJ LUB JEDNOSTKOWEJ
Nazwa ogólna lub geograficzna Biomateriały
Źródło hasła lub terminu DBN
650 #7 - HASŁO PRZEDMIOTOWE W FORMIE NAZWY OGÓLNEJ LUB JEDNOSTKOWEJ
Nazwa ogólna lub geograficzna Biozgodność
Źródło hasła lub terminu DBN
650 #7 - HASŁO PRZEDMIOTOWE W FORMIE NAZWY OGÓLNEJ LUB JEDNOSTKOWEJ
Nazwa ogólna lub geograficzna Implanty
Źródło hasła lub terminu DBN
650 #2 - HASŁO PRZEDMIOTOWE W FORMIE NAZWY OGÓLNEJ LUB JEDNOSTKOWEJ
Nazwa ogólna lub geograficzna Inżynieria biomedyczna
650 #2 - HASŁO PRZEDMIOTOWE W FORMIE NAZWY OGÓLNEJ LUB JEDNOSTKOWEJ
Nazwa ogólna lub geograficzna Tytan (pierwiastek)
655 #7 - TERMIN INDEKSOWY - OKREŚLENIE RODZAJU/FORMY DOKUMENTU
Określenie rodzaju/formy dokumentu Podręczniki akademickie
Źródło terminu DBN
658 ## - TERMIN INDEKSOWY - PRZEDMIOT PROGRAMU NAUCZANIA
Główny przedmiot programu nauczania Inżynieria i technika
700 1# - HASŁO DODATKOWE - NAZWA OSOBOWA
Nazwa osobowa Michalik, Rafał
Dopowiedzenie (inżynieria materiałowa)
Określenie związku między hasłem a opisywanym materiałem Autor
710 2# - HASŁO DODATKOWE - NAZWA CIAŁA ZBIOROWEGO
Nazwa ciała zbiorowego lub jednostki geograficznej Wydawnictwo Politechniki Śląskiej
Kod określenia powiązania pbl
856 ## - LOKALIZACJA I DOSTĘP DO ELEKTRONICZNYCH DOKUMENTÓW ZDALNYCH
Link (URL) http://koha.tu.koszalin.pl/cgi-bin/koha/opac-detail.pl?biblionumber=41078
Tekst linku Katalog online BPK
942 ## - DODATKOWE ELEMENTY (KOHA)
Schemat klasyfikacji Uniwersalna Klasyfikacja Dziesiętna
Typ dokumentu Książka
Egzemplarze
Wycofany Status egzemplarza Uszkodzony Dostępność Lokalizacja stała Lokalizacja bieżąca Miejsce przechowywania Sygnatura Kod kreskowy Dział Typ dokumentu Ostatnio wypożyczono
      Tylko na miejscu Biblioteka Politechniki Koszalińskiej Biblioteka Politechniki Koszalińskiej Czytelnia BG 63364 01671582 61 Medycyna Książka  
      Dostępny Biblioteka Politechniki Koszalińskiej Biblioteka Politechniki Koszalińskiej Wypożyczalnia BG 63365 01671575   Książka 02.10.2025
© 2023 Biblioteka Politechniki Koszalińskiej :: KOHA